| 000 -LEADER |
| fixed length control field |
01099nam a2200241Ia 4500 |
| 001 - CONTROL NUMBER |
| control field |
19474 |
| 003 - CONTROL NUMBER IDENTIFIER |
| control field |
GE_BSU |
| 008 - FIXED-LENGTH DATA ELEMENTS--GENERAL INFORMATION |
| fixed length control field |
181216s||||||||xx |||||||||||||| ||und|| |
| 040 ## - CATALOGING SOURCE |
| Transcribing agency |
GE_BSU |
| 080 ## - UNIVERSAL DECIMAL CLASSIFICATION NUMBER |
| Universal Decimal Classification number |
091(=353.1) |
| 245 ## - TITLE STATEMENT |
| Title |
მრავალთავი ფილოლოგიურ-ისტორიული ძიებანი V= Мравалтави |
| 245 ## - TITLE STATEMENT |
| Statement of responsibility, etc. |
ტომის რედ:ე.ხოშტარია;მხატ:გ.ნადირაძე |
| 250 ## - EDITION STATEMENT |
| Edition statement |
კ.კეკელიძის სახელობის ხელნაწერთა ინ-ტი |
| 260 ## - PUBLICATION, DISTRIBUTION, ETC. |
| Place of publication, distribution, etc. |
თბილისი |
| 260 ## - PUBLICATION, DISTRIBUTION, ETC. |
| Name of publisher, distributor, etc. |
მეცნიერება |
| 260 ## - PUBLICATION, DISTRIBUTION, ETC. |
| Date of publication, distribution, etc. |
1975 |
| 300 ## - PHYSICAL DESCRIPTION |
| Extent |
277გვ;27სმ. |
| 300 ## - PHYSICAL DESCRIPTION |
| Other physical details |
1ფ პორტრეტი |
| 653 ## - INDEX TERM--UNCONTROLLED |
| Uncontrolled term |
ეძღვნება აკადემიკოს ივანე ჯავახიშვილის დაბადებიდან 100 წლისთავს. |
| 653 ## - INDEX TERM--UNCONTROLLED |
| Uncontrolled term |
ქართული ენა |
| 653 ## - INDEX TERM--UNCONTROLLED |
| Uncontrolled term |
ქართული ენის ისტორია |
| 942 ## - ADDED ENTRY ELEMENTS (KOHA) |
| Koha item type |
წიგნი |